|
|
|
|
| LEADER |
00000nam a2200000Ii 4500 |
| 001 |
DIGUCAUCA0171 |
| 003 |
NyNyDIG |
| 006 |
m o d |
| 007 |
cr ||||||||||| |
| 008 |
250611s2023 ck a ob 001 0 spa d |
| 035 |
|
|
|a (OCoLC)1517262719
|
| 040 |
|
|
|a DGITA
|b eng
|e rda
|e pn
|c DGITA
|
| 020 |
|
|
|a 9789587325904
|q digital
|
| 020 |
|
|
|z 9789587325898
|q impreso
|
| 043 |
|
|
|a s-ck---
|
| 050 |
1 |
4 |
|a JZ5584.C6 ebook
|
| 245 |
1 |
0 |
|a Memoria, conflicto y paz :
|b sinuosidades y sendas de reflexión /
|c Gilma Ríos Peñaloza, Natalia Cobo Paz (compiladoras).
|
| 250 |
|
|
|a Primera edición en español.
|
| 264 |
|
1 |
|a Popayán, Colombia :
|b Editorial Universidad del Cauca,
|c 2023.
|
| 300 |
|
|
|a 1 online resource :
|b illustrations.
|
| 336 |
|
|
|a text
|b txt
|2 rdacontent
|
| 337 |
|
|
|a computer
|b c
|2 rdamedia
|
| 338 |
|
|
|a online resource
|b cr
|2 rdacarrier
|
| 347 |
|
|
|a text file
|2 rdaft
|
| 347 |
|
|
|b PDF
|
| 500 |
|
|
|a "Para el desarrollo del seminario, se convocaron estudiosos -nacionales e internacionales- a quienes atañen estos asuntos, al igual que sectores y organizaciones sociales comprometidas con la paz territorial. El seminario se realizó durante los años 2018, 2019, 2020 y 2021, mediante jornadas de una semana en las que participaron no solo estudiantes, profesores y administrativos de la Universidad del Cauca, sino de otras universidades, instituciones educativas y organizaciones sociales. Ha sido un simposio abierto a las comunidades en general. Después de mucho pensar, discutir, escribir, borrar y luego repensar, rediscutir y reescribir, se decidió denominarlo 'Simposio Internacional Memoria, Conflicto y Paz."
|
| 504 |
|
|
|a Includes bibliographical references and index.
|
| 588 |
0 |
|
|a Online resource; title from PDF title page (Digitalia, viewed June 11, 2025)
|
| 650 |
|
0 |
|a Peace-building
|v Congresses.
|
| 650 |
|
0 |
|a Transitional justice
|z Colombia
|v Congresses.
|
| 700 |
1 |
|
|a Ríos Peñaloza, Gilma,
|e editor.
|
| 700 |
1 |
|
|a Cobo Paz, Natalia,
|e editor.
|
| 711 |
2 |
|
|a Simposio Internacional Memoria, Conflicto y Paz.
|
| 776 |
0 |
8 |
|i Print version:
|t Memoria, conflicto y paz.
|b Primera edición en español.
|d Popayán, Colombia : Editorial Universidad del Cauca, 2023
|z 9789587325898
|
| 791 |
2 |
|
|a Digitalia (Firm),
|e distributor.
|
| 793 |
0 |
|
|g Digitalia eBook Collection:
|a Editorial Universidad del Cauca
|
| 856 |
4 |
0 |
|3 Digitalia Hispánica
|u https://www.digitaliapublishing.com/a/173795/
|
| 910 |
|
|
|a Premium collection: 2025
|